Central Library OPAC University of Rajshahi

সিকানদার আবু জাফর রচনাবলী / (Record no. 39256)

MARC details
000 -LEADER
fixed length control field 01163nam a22002777a 4500
001 - CONTROL NUMBER
control field 39256
003 - CONTROL NUMBER IDENTIFIER
rucl marc code BD-RjUL
005 - DATE AND TIME OF LATEST TRANSACTION
control field 20211209052943.0
008 - FIXED-LENGTH DATA ELEMENTS--GENERAL INFORMATION
fixed length control field 160406s1999 bg a|||| |||| 000 1dben d
020 ## - INTERNATIONAL STANDARD BOOK NUMBER
International Standard Book Number 9840739190 (V-3)
Terms of availability : Tk. 200.00
035 ## - SYSTEM CONTROL NUMBER
System control number (BD-RjUL)39368
040 ## - CATALOGING SOURCE
Original cataloging agency BD-RjUL
Language of cataloging ben
Transcribing agency BD-RjUL
Modifying agency BD-RjUL
041 ## - LANGUAGE CODE
Language code of text/sound track or separate title ben
082 ## - DEWEY DECIMAL CLASSIFICATION NUMBER
Edition number 23
Classification number 891.444
Author mark and year JAS 1999
100 ## - MAIN ENTRY--PERSONAL NAME
Personal name জাফর, সিকানদার আবু
9 (RLIN) 121044
245 ## - TITLE STATEMENT
Title সিকানদার আবু জাফর রচনাবলী /
Statement of responsibility, etc. সিকানদার আবু জাফর ; আবদুল মান্নান সৈয়দ সম্পাদিত
260 ## - PUBLICATION, DISTRIBUTION, ETC. (IMPRINT)
Place of publication, distribution, etc. ঢাকা :
Name of publisher, distributor, etc. বাংলা একাডেমী,
Date of publication, distribution, etc. ১৯৯৯.
300 ## - PHYSICAL DESCRIPTION
Pagination খণ্ড :
Illustrations চিত্র,
Size ২২ সেমি.
490 ## - SERIES STATEMENT
Series statement বাএ ;
Volume/sequential designation ৩৯১০
505 ## - FORMATTED CONTENTS NOTE
Formatted contents note খণ্ড ৩ --
650 ## - SUBJECT ADDED ENTRY--TOPICAL TERM
Topical term or geographic name as entry element বাংলা প্রবন্ধ
9 (RLIN) 121045
Topical term or geographic name as entry element Bengali Essays
9 (RLIN) 121046
700 ## - ADDED ENTRY--PERSONAL NAME
Personal name সৈয়দ, আবদুল মান্নান, সম্পাদক
830 ## - SERIES ADDED ENTRY--UNIFORM TITLE
Uniform title বাএ ;
Volume number/sequential designation ৩৯১০
942 ## - ADDED ENTRY ELEMENTS (KOHA)
Source of classification or shelving scheme Dewey Decimal Classification
Koha item type Books
Holdings
Lost status Source of classification or shelving scheme Damaged status Not for loan Collection code Permanent Location Current Location Shelving location Date acquired Source of acquisition Cost, normal purchase price Total Checkouts Full call number Date last seen Copy number Koha item type Total Renewals Date checked out
  Dewey Decimal Classification   Not For Loan Non-fiction Central Library, University of Rajshahi Central Library, University of Rajshahi Reading Room 24/06/2013 Bangla Academy, Dhaka 200.00   B 891.444 JAS V-3 1999 06/04/2016 C-1 Books    
  Dewey Decimal Classification     Non-fiction Central Library, University of Rajshahi Central Library, University of Rajshahi   24/06/2013 Bangla Academy, Dhaka 200.00 6 B 891.444 JAS V-3 1999 29/01/2023 C-2 Books 1 29/01/2023
  Dewey Decimal Classification     Non-fiction Central Library, University of Rajshahi Central Library, University of Rajshahi   24/06/2013 Bangla Academy, Dhaka 200.00 5 B 891.444 JAS V-3 1999 06/02/2023 C-3 Books 1 29/01/2023